000 00337nam a2200157Ia 4500
100 _aLala/R.M
942 _cBK
366 _f20
654 _aJ.R.D tata
245 _aJoy of achievement:Conversations with J.R.D Tata
260 _bPenguin Books
_c1995
082 _a808.83
_bLAL
300 _a194
546 _aENGLISH
999 _c19516
_d19516